zpět

Detail výsledku týmu

Klub Tyjátr, Svitavy

Datum a čas kvízu

38.5 Celkem bodů Celkový počet nahraných bodů na tomto kvízu bez doplňovacích otázek.
1. Pořadí na kvízu Konečné umístění týmu na tomto kvízu.

Zaznamenané odpovědi

# Otázka Odpověď Body Výsledky
1. Linka metra B v úseku Florenc... kotě (kočka) 1
2. Minulý týden jsme se dozvěděli... Stanford (University) 1
3. Minulý týden jsme se dozvěděli... Dominika Branišová 1
4. Londýnský obchodní dům s luxus... Harrods 0
5. Minulý týden se náš fotbal dos... v Ústí nad Labem 0
6. Může to být alergie, dieta, ne... chia 1
7. Ve zdravých receptech se můžem... z cukety 1
8. Asi nepřekvapí, že ve stavu be... tortilly 0
9. Tento sirup, kterým lze sladit... z čekanky 0
10. Naprostým mistrem v nahrazován... nedávejte tam nic 1